书目信息 |
| 题名: |
氮丙啶化合物化学及其应用
|
|
| 作者: | 王学武 , 张明南 主编 | |
| 分册: | ||
| 出版信息: | 北京 国防工业出版社 2009.06 |
|
| 页数: | 501页 | |
| 开本: | 23cm | |
| 丛书名: | ||
| 单 册: | ||
| 中图分类: | O626 | |
| 科图分类: | ||
| 主题词: | 氮杂环丙烯--dan za huan bing xi--研究 | |
| 电子资源: | ||
| ISBN: | 978-7-118-06280-9 | |
| 000 | 01057nam0 2200277 450 | |
| 001 | 012010008093 | |
| 005 | 20100104110951.93 | |
| 010 | @a978-7-118-06280-9@b精装@dCNY118.00 | |
| 100 | @a20100104d2009 em y0chiy0120 ea | |
| 101 | 0 | @achi |
| 102 | @aCN@b110000 | |
| 105 | @aak a 000yy | |
| 106 | @ar | |
| 200 | 1 | @a氮丙啶化合物化学及其应用@Adan bing ding hua he wu hua xue ji qi ying yong@f王学武, 张明南主编@Fwang xue wu,zhang ming nan zhu bian |
| 210 | @a北京@c国防工业出版社@d2009.06 | |
| 215 | @a501页@c图@d23cm | |
| 312 | @a英文并列题名取自封面 | |
| 320 | @a有书目 (第491-501页) | |
| 330 | @a本书讲述了以氮丙啶为主要组分的高聚物或其共聚物可用作油田化学品及絮凝剂,氮丙啶聚合物(也称为聚乙烯亚胺)用于废水处理和回收贵重金属有非常明显的效果。 | |
| 510 | 1 | @aChemistry and applicatication of azirdine compound@zeng |
| 606 | 0 | @a氮杂环丙烯@Adan za huan bing xi@x研究 |
| 690 | @aO626@v4 | |
| 701 | 0 | @a王学武@Awang xue wu@4主编 |
| 701 | 0 | @a张明南@Azhang ming nan@4主编 |
| 801 | 0 | @aCN@bQSSK@c20100104 |
| 905 | @b770700-02@dO626@eW407@f3 | |
| 氮丙啶化合物化学及其应用/王学武, 张明南主编.-北京:国防工业出版社,2009.06 |
| 501页:图;23cm |
| ISBN 978-7-118-06280-9(精装):CNY118.00 |
| 本书讲述了以氮丙啶为主要组分的高聚物或其共聚物可用作油田化学品及絮凝剂,氮丙啶聚合物(也称为聚乙烯亚胺)用于废水处理和回收贵重金属有非常明显的效果。 |
| ● |
| 相关链接 |
|
|
|
正题名:氮丙啶化合物化学及其应用
索取号:O626/W407
 
预约/预借
| 序号 | 登录号 | 条形码 | 馆藏地/架位号 | 状态 | 备注 |
| 1 | 770700 | 207707007 | 自科库401/401自科库 63排6列4层/ [索取号:O626/W407] | 在馆 | |
| 2 | 770701 | 207707016 | 自科库401/401自科库 63排6列4层/ [索取号:O626/W407] | 在馆 | |
| 3 | 770702 | 207707025 | 自科库401/401自科库 63排6列4层/ [索取号:O626/W407] | 在馆 |